[Event "DLM 2007"]
[Site "Verden/Aller GER"]
[Date "2007.10.03"]
[Round "7"]
[White "Voss, Janine"]
[Black "Strößner, Lena"]
[Result "0-1"]
[Termination "normal"]
[Board "3.7"]
[WhiteElo "1740"]
[BlackElo "1744"]
[WhiteTeam "Rheinland-Pfalz"]
[BlackTeam "Nordrhein-Westfalen"]
[PlyCount "70"]
[WhiteFideId "24677329"]
[BlackFideId "4623525"]
[EventCountry "GER"]
[EventRounds "7"]
[EventType "team-swiss"]
[EventDate "2007.09.28"]

1. e4 e6 2. d4 d5 3. Nc3 Bb4 4. Nge2 dxe4 5. a3 Be7 6. Nxe4 Nf6 7. N2g3 Nbd7 8.
Bc4 O-O 9. O-O b6 10. c3 Bb7 11. Qd3 Nxe4 12. Nxe4 Nf6 13. f3 Rc8 14. Bb3 c5
15. Bc2 Nxe4 16. fxe4 cxd4 17. cxd4 Rxc2 18. Qxc2 Qxd4+ 19. Kh1 Bxe4 20. Rd1
Qe5 21. Qc3 Bxg2+ 22. Kxg2 Qe2+ 23. Kg3 Qxd1 24. Bh6 Qd6+ 25. Kh3 gxh6 26. Rg1+
Bg5 27. Rg3 e5 28. Kg2 Qd5+ 29. Kg1 Qd4+ 30. Qxd4 exd4 31. h4 f6 32. hxg5 hxg5
33. Rd3 Rd8 34. Kg2 Kg7 35. Kf3 f5 0-1

[Event "DLM 2007"]
[Site "Verden/Aller GER"]
[Date "2007.10.03"]
[Round "7"]
[White "Rozenfeld, Elisabeth"]
[Black "Eimer, Christina"]
[Result "1-0"]
[Termination "normal"]
[Board "3.8"]
[WhiteElo "1491"]
[BlackElo "1077"]
[WhiteTeam "Nordrhein-Westfalen"]
[BlackTeam "Rheinland-Pfalz"]
[PlyCount "155"]
[WhiteFideId "4624742"]
[BlackFideId "24655767"]
[EventCountry "GER"]
[EventRounds "7"]
[EventType "team-swiss"]
[EventDate "2007.09.28"]

1. e4 e6 2. d4 d5 3. exd5 exd5 4. c4 c6 5. Nc3 Nf6 6. Bg5 Be7 7. Nf3 Bf5 8. Be2
h6 9. Bh4 O-O 10. O-O Re8 11. Qd2 Bd6 12. Rae1 Nbd7 13. cxd5 cxd5 14. Nxd5 Be6
15. Nc3 Qc7 16. Bb5 Ng4 17. Bg3 a6 18. Bxd6 Qxd6 19. Ne4 Qe7 20. Bxd7 Qxd7 21.
b3 Qc6 22. h3 Bd5 23. Rc1 Qg6 24. Ng3 Nf6 25. Ne5 Qg5 26. Qxg5 hxg5 27. Nf5 Be6
28. Nd6 Red8 29. Nxb7 Rxd4 30. Nc5 Rd5 31. Nxe6 fxe6 32. Nf3 Rad8 33. Rc6 Rd1
34. Rxa6 Rxf1+ 35. Kxf1 Ne4 36. Rxe6 Nc3 37. a3 Kf7 38. Nxg5+ Kg8 39. g3 Nd5
40. Re1 Nf6 41. b4 Rd3 42. Re3 Rd4 43. b5 Rd5 44. Ne4 Rxb5 45. Nxf6+ gxf6 46.
a4 Ra5 47. Ra3 Kf7 48. Ke2 Ke6 49. Kd3 Kd6 50. Ra2 Kc6 51. h4 Rf5 52. Re2 Kb6
53. Re4 Rxf2 54. Ke3 Ra2 55. Re6+ Kc7 56. Rxf6 Rxa4 57. Rf4 Ra3+ 58. Kf2 Kd6
59. g4 Ke5 60. Rf3 Ra4 61. Kg3 Ke6 62. h5 Ra8 63. Rf5 Rg8 64. Kh4 Rh8 65. Kg5
Rg8+ 66. Kh4 Rh8 67. Rg5 Kf6 68. Rg6+ Kf7 69. Kg5 Kf8 70. h6 Kf7 71. Rg7+ Kf8
72. Kg6 Ke8 73. h7 Kf8 74. Kh6 Ke8 75. Rg8+ Rxg8 76. hxg8=Q+ Kd7 77. Qg6 Ke7
78. Kg5 1-0

[Event "DLM 2007"]
[Site "Verden/Aller GER"]
[Date "2007.10.03"]
[Round "7"]
[White "Kaczmarczyk, Dennis"]
[Black "Siebarth, Raiko"]
[Result "0-1"]
[Termination "time forfeit"]
[Board "4.1"]
[WhiteElo "2135"]
[BlackElo "2182"]
[WhiteTeam "Baden"]
[BlackTeam "Thüringen"]
[PlyCount "162"]
[WhiteFideId "24608297"]
[BlackFideId "4674766"]
[EventCountry "GER"]
[EventRounds "7"]
[EventType "team-swiss"]
[EventDate "2007.09.28"]

1. d4 Nf6 2. Bg5 e6 3. e4 h6 4. Bxf6 Qxf6 5. Nf3 d6 6. Nc3 Nd7 7. Bd3 a6 8. Qe2
Qe7 9. O-O g5 10. Nd1 Bg7 11. c3 Nf8 12. e5 Ng6 13. Bxg6 fxg6 14. exd6 cxd6 15.
Qc2 Qf7 16. Ne3 O-O 17. Rae1 e5 18. dxe5 dxe5 19. Rd1 Be6 20. Nd2 Rad8 21. Ne4
Qe7 22. b3 Kh7 23. Rxd8 Rxd8 24. Rd1 b6 25. Rxd8 Qxd8 26. Qd2 Qa8 27. Qd3 Qc6
28. f3 Bf8 29. Qxa6 Bf5 30. Nd5 Bc5+ 31. Kf1 Bxe4 32. fxe4 h5 33. Qa7+ Kg8 34.
Qb8+ Kh7 35. Qxe5 Qa8 36. Nf6+ Kh6 37. Ne8 g4 38. Qf4+ Kh7 39. Qf7+ Kh6 40.
Qg7+ Kg5 41. Qf6+ Kh6 42. Qf4+ Kh7 43. Qf7+ Kh6 44. Nf6 Qd8 45. Ke2 Qd6 46. g3
Qe5 47. b4 Bxb4 48. cxb4 Qb2+ 49. Kd3 Qb1+ 50. Kc3 Qc1+ 51. Kb3 Qd1+ 52. Kc4
Qe2+ 53. Kb3 Qd3+ 54. Kb2 Qe2+ 55. Kc3 Qe1+ 56. Kd4 Qd2+ 57. Ke5 Qc3+ 58. Kf4
Qd2+ 59. Ke5 Qc3+ 60. Ke6 Qc4+ 61. Ke7 Qxb4+ 62. Ke8 Qa4+ 63. Qd7 Qxa2 64. Kf8
Qa8+ 65. Kf7 Qa2+ 66. Nd5 Qxh2 67. Qd6 Qf2+ 68. Kg8 h4 69. Nf4 Qa2+ 70. Kf8
Qa8+ 71. Kf7 Qb7+ 72. Kf6 Qg7+ 73. Ke6 hxg3 74. Qd1 Qg8+ 75. Ke5 Qe8+ 76. Ne6
Kh7 77. Qh1+ Kg8 78. Qa1 Qb8+ 79. Kf6 g2 80. Qa2 Kh7 81. Ng5+ Kh8 0-1

[Event "DLM 2007"]
[Site "Verden/Aller GER"]
[Date "2007.10.03"]
[Round "7"]
[White "Wendling, Hannes"]
[Black "Hirschberg, Valerian"]
[Result "1-0"]
[Termination "normal"]
[Board "4.2"]
[WhiteElo "2137"]
[BlackElo "2026"]
[WhiteTeam "Thüringen"]
[BlackTeam "Baden"]
[PlyCount "67"]
[WhiteFideId "24624284"]
[BlackFideId "24628492"]
[EventCountry "GER"]
[EventRounds "7"]
[EventType "team-swiss"]
[EventDate "2007.09.28"]

1. e4 c5 2. Nf3 a6 3. c4 e6 4. Nc3 Qc7 5. g3 b6 6. Bg2 Bb7 7. O-O Nf6 8. d3 d6
9. Rb1 Be7 10. Nh4 O-O 11. f4 Nc6 12. f5 Rad8 13. Bh3 Nd4 14. Ne2 Bc8 15. Ng2
Nxe2+ 16. Qxe2 Rfe8 17. g4 h6 18. g5 hxg5 19. Bxg5 exf5 20. Bxf5 Bxf5 21. Rxf5
Nd7 22. Bd2 Bf6 23. Nf4 Bd4+ 24. Kh1 Nf6 25. Qg2 Qd7 26. Bc3 Nh7 27. Bxd4 cxd4
28. Rg1 f6 29. Nh5 Re5 30. Nxg7 Kh8 31. Rh5 Rxh5 32. Nxh5 Qf7 33. Nf4 b5 34.
Ng6+ 1-0

[Event "DLM 2007"]
[Site "Verden/Aller GER"]
[Date "2007.10.03"]
[Round "7"]
[White "Petermann, Michail"]
[Black "Hannes, Diana"]
[Result "1-0"]
[Termination "normal"]
[Board "4.3"]
[WhiteElo "2006"]
[BlackElo "2036"]
[WhiteTeam "Baden"]
[BlackTeam "Thüringen"]
[PlyCount "53"]
[WhiteFideId "24643530"]
[BlackFideId "24611344"]
[EventCountry "GER"]
[EventRounds "7"]
[EventType "team-swiss"]
[EventDate "2007.09.28"]

1. Nf3 c5 2. b3 Nf6 3. Bb2 e6 4. e3 Be7 5. Be2 O-O 6. O-O Nc6 7. d4 cxd4 8.
exd4 d5 9. Re1 b6 10. Nbd2 Bb7 11. Bf1 Qc7 12. c4 Rfd8 13. Rc1 Rdc8 14. Qc2 Qb8
15. Qb1 h6 16. g3 Bb4 17. Re2 Ne7 18. Ne5 Nf5 19. Bh3 Nd6 20. Ndf3 Nde4 21.
Nxf7 Kxf7 22. Ne5+ Ke7 23. f3 Ng5 24. Qg6 Rg8 25. Bxe6 Kxe6 26. Nc6+ Kd7 27.
Nxb8+ 1-0

[Event "DLM 2007"]
[Site "Verden/Aller GER"]
[Date "2007.10.03"]
[Round "7"]
[White "Jacobi, Robin"]
[Black "Sarchisov, Slavik"]
[Result "1/2-1/2"]
[Termination "normal"]
[Board "4.4"]
[WhiteElo "2006"]
[BlackElo "1842"]
[WhiteTeam "Thüringen"]
[BlackTeam "Baden"]
[PlyCount "103"]
[WhiteFideId "24646962"]
[BlackFideId "24647888"]
[EventCountry "GER"]
[EventRounds "7"]
[EventType "team-swiss"]
[EventDate "2007.09.28"]

1. b4 Nf6 2. Bb2 e6 3. b5 c5 4. e3 d5 5. Nf3 Bd6 6. c4 O-O 7. d3 Bc7 8. Nbd2
Ba5 9. cxd5 Nxd5 10. Qb3 a6 11. d4 cxd4 12. Bxd4 axb5 13. Bxb5 Bd7 14. O-O Bxd2
15. Nxd2 Nc6 16. Bc5 Re8 17. Bd3 Qa5 18. Qc2 Ncb4 19. Bxh7+ Kh8 20. Bxb4 Nxb4
21. Qe4 g6 22. Qd4+ Kxh7 23. Qxd7 Kg7 24. Qxb7 Rh8 25. h3 Rab8 26. Qe4 Rhc8 27.
Nc4 Qd5 28. Qxd5 Nxd5 29. Ne5 Ra8 30. Rfb1 Rc7 31. Rb3 Ra4 32. a3 f5 33. Rab1
Kf6 34. Nf3 Rc2 35. Rb8 Rxa3 36. R1b7 Rc7 37. Rf8+ Ke7 38. Rbb8 Ra1+ 39. Kh2
Ra2 40. Rfe8+ Kf6 41. Nd4 Re7 42. Rf8+ Rf7 43. Rxf7+ Kxf7 44. Kg3 e5 45. Nc6 e4
46. Rd8 Nf6 47. Ne5+ Kg7 48. f3 Nh5+ 49. Kh2 exf3 50. Nxf3 Re2 51. Rd3 Nf6 52.
Nh4 1/2-1/2

[Event "DLM 2007"]
[Site "Verden/Aller GER"]
[Date "2007.10.03"]
[Round "7"]
[White "Frey, Alisa"]
[Black "Tischer, Jana"]
[Result "1-0"]
[Termination "normal"]
[Board "4.5"]
[WhiteElo "1920"]
[BlackElo "1863"]
[WhiteTeam "Baden"]
[BlackTeam "Thüringen"]
[PlyCount "67"]
[WhiteFideId "24634662"]
[BlackFideId "24617164"]
[EventCountry "GER"]
[EventRounds "7"]
[EventType "team-swiss"]
[EventDate "2007.09.28"]

1. d4 d5 2. c4 e6 3. Nc3 f5 4. Nf3 c6 5. Bf4 Nf6 6. e3 Be7 7. Be2 O-O 8. O-O
Ne4 9. Nd2 g5 10. Be5 Nd7 11. f4 Nxe5 12. fxe5 g4 13. cxd5 Nxd2 14. Qxd2 exd5
15. Bd3 Be6 16. Ne2 Qb6 17. Nf4 c5 18. Bc2 Rac8 19. Rad1 cxd4 20. exd4 Bb4 21.
Qd3 Qc6 22. Nxe6 Qxe6 23. Rxf5 Qxf5 24. Qxf5 Rxf5 25. Bxf5 Rc6 26. Bxg4 Be7 27.
Bf3 Rc2 28. Bxd5+ Kg7 29. Rf1 Bg5 30. Rf7+ Kh6 31. Be4 Be3+ 32. Kf1 Rxb2 33.
Rxh7+ Kg5 34. e6 1-0

[Event "DLM 2007"]
[Site "Verden/Aller GER"]
[Date "2007.10.03"]
[Round "7"]
[White "Pältz, Sebastian"]
[Black "Srokovskiy, Alexander"]
[Result "1-0"]
[Termination "normal"]
[Board "4.6"]
[WhiteElo "1798"]
[BlackElo "1779"]
[WhiteTeam "Thüringen"]
[BlackTeam "Baden"]
[PlyCount "117"]
[WhiteFideId "24648027"]
[BlackFideId "24676330"]
[EventCountry "GER"]
[EventRounds "7"]
[EventType "team-swiss"]
[EventDate "2007.09.28"]

1. e4 d5 2. exd5 Qxd5 3. Nc3 Qa5 4. d4 Nf6 5. Nf3 c6 6. Bd2 Bf5 7. Bc4 e6 8.
O-O Nbd7 9. Re1 Qc7 10. Bb3 Nb6 11. Ne5 Bd6 12. Bf4 Nfd7 13. Ne4 Bxe4 14. Rxe4
Nf6 15. Re1 Nbd5 16. Bg3 Nd7 17. c4 Ne7 18. c5 Bxe5 19. Bxe5 Nxe5 20. Rxe5
O-O-O 21. Re4 Rd7 22. Qf3 Nf5 23. Rd1 Rhd8 24. Qg4 g6 25. Qh3 Nxd4 26. Ree1
Nxb3 27. Qxb3 Rxd1 28. Rxd1 Rxd1+ 29. Qxd1 Qa5 30. g3 Qxc5 31. Qf3 Qf5 32. Qa3
a5 33. Qf8+ Kd7 34. Qa3 b6 35. b3 Qb1+ 36. Kg2 Qe4+ 37. Kg1 Qb4 38. Qc1 a4 39.
Qd1+ Qd6 40. Qf3 axb3 41. axb3 Ke7 42. Qe3 Qd1+ 43. Kg2 Qd5+ 44. Kg1 c5 45. h3
b5 46. Kh2 c4 47. Qa7+ Kf6 48. bxc4 bxc4 49. Qe3 Qe5 50. Qh6 c3 51. Qxh7 c2 52.
Qh8+ Kf5 53. Qh6 Qc7 54. Qc1 Kf6 55. h4 Qc3 56. g4 Qd3 57. Qg5+ Kg7 58. Qe5+
Kh6 59. Qh8# 1-0

[Event "DLM 2007"]
[Site "Verden/Aller GER"]
[Date "2007.10.03"]
[Round "7"]
[White "Kühnel, Lena"]
[Black "Urban, Lars"]
[Result "1/2-1/2"]
[Termination "normal"]
[Board "4.7"]
[WhiteElo "1639"]
[BlackElo "1467"]
[WhiteTeam "Baden"]
[BlackTeam "Thüringen"]
[PlyCount "46"]
[WhiteFideId "24640956"]
[BlackFideId "4644034"]
[EventCountry "GER"]
[EventRounds "7"]
[EventType "team-swiss"]
[EventDate "2007.09.28"]

1. d4 e6 2. Nf3 d5 3. Bf4 Nf6 4. e3 Bd6 5. Ne5 O-O 6. c3 Re8 7. Nd2 c6 8. Bd3
Qc7 9. Ndf3 h6 10. Rc1 Nbd7 11. Nxd7 Bxd7 12. Bxd6 Qxd6 13. Bb1 b6 14. O-O c5
15. Ne5 Bb5 16. Bd3 Bxd3 17. Qxd3 Rac8 18. f3 Rc7 19. Rfe1 Rec8 20. Qd2 Nd7 21.
Nxd7 Qxd7 22. Qf2 Kf8 23. g3 Qe7 1/2-1/2

[Event "DLM 2007"]
[Site "Verden/Aller GER"]
[Date "2007.10.03"]
[Round "7"]
[White "Schätz, Bianca"]
[Black "Schmitt, Katrin"]
[Result "1/2-1/2"]
[Termination "normal"]
[Board "4.8"]
[WhiteElo "1108"]
[BlackElo "1430"]
[WhiteTeam "Thüringen"]
[BlackTeam "Baden"]
[PlyCount "78"]
[WhiteFideId "24655821"]
[BlackFideId "24654400"]
[EventCountry "GER"]
[EventRounds "7"]
[EventType "team-swiss"]
[EventDate "2007.09.28"]

1. e4 e5 2. Nf3 Nc6 3. Bc4 Bc5 4. c3 Nf6 5. d3 h6 6. Bb3 d6 7. h3 Be6 8. Nbd2
O-O 9. Nf1 Bb6 10. Ng3 d5 11. Qe2 d4 12. Bxe6 fxe6 13. c4 Qe7 14. O-O Qf7 15.
a3 a5 16. Bd2 a4 17. Nh2 Qg6 18. Ng4 Nxg4 19. Qxg4 Qxg4 20. hxg4 Ba5 21. Bc1
Rf7 22. g5 hxg5 23. Bxg5 Bb6 24. Ne2 Na5 25. Nc1 Bc5 26. f3 Be7 27. Bxe7 Rxe7
28. Kf2 Kf7 29. Kg3 Kg6 30. Rb1 c6 31. b4 axb3 32. Nxb3 Nxb3 33. Rxb3 Rd7 34.
Ra1 Kg5 35. a4 Re7 36. a5 Rd7 37. Rb6 Rc7 38. a6 bxa6 39. Raxa6 Rxa6 1/2-1/2

[Event "DLM 2007"]
[Site "Verden/Aller GER"]
[Date "2007.10.03"]
[Round "7"]
[White "Friedrich, Paul-Robert"]
[Black "Holloway, Timo"]
[Result "0-1"]
[Termination "normal"]
[Board "5.1"]
[WhiteElo "2060"]
[BlackElo "2092"]
[WhiteTeam "Mecklenburg-Vorpommern"]
[BlackTeam "Niedersachsen II"]
[PlyCount "42"]
[WhiteFideId "24616036"]
[BlackFideId "24631426"]
[EventCountry "GER"]
[EventRounds "7"]
[EventType "team-swiss"]
[EventDate "2007.09.28"]

1. d4 Nf6 2. c4 e6 3. Nc3 Bb4 4. Qc2 Nc6 5. Nf3 d6 6. Bd2 e5 7. d5 Bxc3 8. Bxc3
Ne7 9. e4 O-O 10. Bd3 Bd7 11. Nd2 Nh5 12. g3 c6 13. dxc6 Bxc6 14. O-O-O Rc8 15.
Rhg1 Nf6 16. f4 Nd7 17. Nf3 f6 18. Kb1 Nc5 19. Qe2 a6 20. Rd2 Na4 21. Bb4 Qb6
0-1

[Event "DLM 2007"]
[Site "Verden/Aller GER"]
[Date "2007.10.03"]
[Round "7"]
[White "Bradler, Stephan"]
[Black "Kesten, Sebastian"]
[Result "1/2-1/2"]
[Termination "normal"]
[Board "5.2"]
[WhiteElo "1851"]
[BlackElo "2054"]
[WhiteTeam "Niedersachsen II"]
[BlackTeam "Mecklenburg-Vorpommern"]
[PlyCount "34"]
[WhiteFideId "24629367"]
[BlackFideId "24616214"]
[EventCountry "GER"]
[EventRounds "7"]
[EventType "team-swiss"]
[EventDate "2007.09.28"]

1. e4 c5 2. Nf3 Nc6 3. d4 cxd4 4. Nxd4 g6 5. c4 Bg7 6. Be3 Nf6 7. Nc3 Ng4 8.
Qxg4 Nxd4 9. Qd1 Nc6 10. Rc1 d6 11. Be2 Qa5 12. Qd2 Be6 13. b3 Rc8 14. O-O O-O
15. Nd5 Qxd2 16. Bxd2 Rfe8 17. Be3 Kf8 1/2-1/2

[Event "DLM 2007"]
[Site "Verden/Aller GER"]
[Date "2007.10.03"]
[Round "7"]
[White "Stemmler, Lysan"]
[Black "Kyas, Marcel"]
[Result "0-1"]
[Termination "normal"]
[Board "5.3"]
[WhiteElo "1832"]
[BlackElo "1952"]
[WhiteTeam "Mecklenburg-Vorpommern"]
[BlackTeam "Niedersachsen II"]
[PlyCount "84"]
[WhiteFideId "24622451"]
[BlackFideId "24642037"]
[EventCountry "GER"]
[EventRounds "7"]
[EventType "team-swiss"]
[EventDate "2007.09.28"]

1. e4 c5 2. c3 Nf6 3. e5 Nd5 4. d4 cxd4 5. Nf3 e6 6. cxd4 d6 7. Bc4 Nb6 8. Bb3
dxe5 9. Nxe5 Nc6 10. Nxc6 bxc6 11. O-O Be7 12. Bf4 O-O 13. Nc3 Nd5 14. Be5 Ba6
15. Re1 Bf6 16. Ne4 Bxe5 17. dxe5 Qh4 18. Nd6 Qg5 19. Qf3 Nf4 20. Rad1 f6 21.
Qg3 Ne2+ 22. Rxe2 Qxg3 23. hxg3 Bxe2 24. Bxe6+ Kh8 25. Rc1 Bh5 26. Rxc6 fxe5
27. b4 Bg6 28. f3 h6 29. b5 Rf6 30. Nc4 Be8 31. Rc8 Rxc8 32. Bxc8 Bxb5 33. Nxe5
Kg8 34. Kf2 Kf8 35. Bd7 Ba6 36. f4 g5 37. f5 Rd6 38. g4 Rd2+ 39. Ke3 Rxa2 40.
f6 Re2+ 41. Kd4 Bb7 42. Be6 Re4+ 0-1

[Event "DLM 2007"]
[Site "Verden/Aller GER"]
[Date "2007.10.03"]
[Round "7"]
[White "Günnigmann, Manuel"]
[Black "Hingst, Silke"]
[Result "1-0"]
[Termination "normal"]
[Board "5.4"]
[WhiteElo "1969"]
[BlackElo "1552"]
[WhiteTeam "Niedersachsen II"]
[BlackTeam "Mecklenburg-Vorpommern"]
[PlyCount "71"]
[WhiteFideId "24640360"]
[BlackFideId "4624564"]
[EventCountry "GER"]
[EventRounds "7"]
[EventType "team-swiss"]
[EventDate "2007.09.28"]

1. e4 e5 2. Nf3 Nc6 3. Bb5 a6 4. Ba4 Nf6 5. O-O b5 6. Bb3 Be7 7. Re1 d6 8. c3
O-O 9. d4 Bg4 10. d5 Na5 11. Bc2 Nc4 12. h3 Bd7 13. Nbd2 Nb6 14. Nf1 Ne8 15.
Ng3 c6 16. dxc6 Bxc6 17. Nh2 Nc7 18. Nf5 Re8 19. Qg4 Ne6 20. Re3 Nd7 21. Rg3
Nf6 22. Qf3 Kh8 23. Nxe7 Qxe7 24. Nf1 Qb7 25. Nd2 Nc5 26. Qf5 Ncxe4 27. Nxe4
Bxe4 28. Qg5 Bg6 29. Bxg6 fxg6 30. Qh4 Qe4 31. Qxe4 Nxe4 32. Rd3 Rad8 33. Be3
Re6 34. a4 bxa4 35. Rxa4 d5 36. Rxe4 1-0

[Event "DLM 2007"]
[Site "Verden/Aller GER"]
[Date "2007.10.03"]
[Round "7"]
[White "Stövesand, Eric"]
[Black "Schreiner, Till"]
[Result "0-1"]
[Termination "normal"]
[Board "5.5"]
[WhiteElo "1411"]
[BlackElo "2003"]
[WhiteTeam "Mecklenburg-Vorpommern"]
[BlackTeam "Niedersachsen II"]
[PlyCount "72"]
[WhiteFideId "24651117"]
[BlackFideId "24675555"]
[EventCountry "GER"]
[EventRounds "7"]
[EventType "team-swiss"]
[EventDate "2007.09.28"]

1. e4 c5 2. Nf3 d6 3. d4 cxd4 4. Nxd4 Nf6 5. Nc3 a6 6. Bc4 e6 7. Bb3 Nbd7 8.
O-O Nc5 9. Qe2 Be7 10. f4 Nxb3 11. Nxb3 O-O 12. Be3 Qc7 13. Rad1 b5 14. a3 Bb7
15. Bf2 Rac8 16. Kh1 Rfd8 17. Bg3 Ba8 18. Nd2 Qb7 19. Rc1 b4 20. axb4 Qxb4 21.
e5 Nd5 22. Nxd5 Bxd5 23. exd6 Bxd6 24. b3 Be7 25. Be1 Qa3 26. Bg3 Qb2 27. Nc4
Qc3 28. Ne5 Ba3 29. Ra1 Bb2 30. Rxa6 Qxc2 31. Qxc2 Rxc2 32. Nf3 Bxb3 33. Rb6
Bd5 34. h3 h6 35. Ne1 Re2 36. Rg1 Bd4 0-1

[Event "DLM 2007"]
[Site "Verden/Aller GER"]
[Date "2007.10.03"]
[Round "7"]
[White "Schreiber, Kevin"]
[Black "Mai, Felicitas"]
[Result "1-0"]
[Termination "normal"]
[Board "5.7"]
[WhiteElo "1272"]
[BlackElo "1616"]
[WhiteTeam "Mecklenburg-Vorpommern"]
[BlackTeam "Niedersachsen II"]
[PlyCount "45"]
[WhiteFideId "24655830"]
[BlackFideId "4635345"]
[EventCountry "GER"]
[EventRounds "7"]
[EventType "team-swiss"]
[EventDate "2007.09.28"]

1. d4 e6 2. Nf3 d5 3. e3 Nf6 4. Bd3 Nbd7 5. Nbd2 c5 6. c3 Bd6 7. O-O O-O 8. Qe2
cxd4 9. exd4 Re8 10. Ne5 Nf8 11. f4 Qc7 12. Ndf3 N6d7 13. g3 f6 14. Ng4 Nb6 15.
Nf2 Bd7 16. Bd2 Nc4 17. Nd1 e5 18. fxe5 fxe5 19. Bxc4 dxc4 20. dxe5 Bxe5 21.
Nxe5 Rxe5 22. Qf3 Re6 23. Qf7+ 1-0